000 00293nam a22001337a 4500
008 171227b xxu||||| |||| 00| 0 eng d
020 _a9781319004699
041 _aeng
080 _a37
100 _a46
101 _aEDU
245 _aHOW TO WRITE ANYTHING
_cJOHN.J.R
942 _2udc
_cBK
999 _c39429
_d39429